Estudo das propriedades físico-químicas e avaliação da toxicidade aguda do extrato etanólico das folhas de Mikania glomerata Sprengel (Registro n. 299684)
[ somente texto ]
| 000 -LÍDER | |
|---|---|
| fixed length control field | 04176nab a2200301 i 4500 |
| 003 - CÓDIGO MARC DA AGÊNCIA CATALOGADORA | |
| Campo de controle | BR-BrBNA |
| 005 - DATA E HORA DA ÚLTIMA ATUALIZAÇÃO | |
| Campo de controle | 20240520143510.0 |
| 008 - CAMPO DE TAMANHO FIXO | |
| fixed length control field | 240520b2014 bl.qr|pooa||| 00| 0 por | |
| 040 ## - FONTE DA CATALOGAÇÃO | |
| Agência catalogadora | BR-BrBNA |
| Idioma da catalogação | por |
| 072 ## - CATEGORIA AGRIS | |
| Código AGRIS | F60 |
| 100 ## - ENTRADA PRINCIPAL - NOME PESSOAL | |
| Nome pessoal | Santana, L.C.L.R. |
| 100 ## - ENTRADA PRINCIPAL - NOME PESSOAL | |
| Nome pessoal | Brito, M.R.M. |
| 100 ## - ENTRADA PRINCIPAL - NOME PESSOAL | |
| Nome pessoal | Sousa, G.F. |
| 100 ## - ENTRADA PRINCIPAL - NOME PESSOAL | |
| Nome pessoal | Freitas, R.M. |
| 245 ## - TÍTULO PRINCIPAL | |
| Título principal | Estudo das propriedades físico-químicas e avaliação da toxicidade aguda do extrato etanólico das folhas de Mikania glomerata Sprengel |
| 500 ## - NOTA GERAL | |
| Nota geral | Publicação on-line; 39 ref.; 4 tables; Summaries (En, Pt) |
| 942 ## - ADDED ENTRY ELEMENTS (KOHA) | |
| Koha item type | |
| 520 ## - NOTA DE RESUMO | |
| Nota de conteúdo | <br/><br/>RESUMO: <br/><br/>A Mikania glomerata é uma planta pertencente à família Asteraceae que é bastante<br/>utilizada na medicina popular devido às suas ações broncodilatadora, antiasmática, expectorante<br/>e antitussígena. O objetivo do presente estudo foi determinar as propriedades físico-químicas do<br/>pó obtido a partir das folhas de M. glomerata, bem como, avaliar a toxicidade em camundongos<br/>após tratamento agudo com doses repetidas do extrato etanólico padronizado preparado a<br/>partir das folhas dessa espécie. Durante o estudo das propriedades físico-químicas do pó obtido<br/>a partir das folhas de M. glomerata foram feitas as determinações da densidade bruta e de<br/>compactação, do teor de cinzas totais, do teor de umidade, e da granulometria. De acordo com<br/>os resultados obtidos podemos sugerir que o pó pode ser usado na formulação de uma forma<br/>farmacêutica sólida. Na segunda parte do estudo foi determinada a Dose Letal 50% (DL50),<br/>bem como, realizada a análise morfológica macroscópica e avaliados a toxicidade aguda com<br/>doses repetidas e os parâmetros bioquímicos e hematológicos de camundongos. De acordo<br/>com os dados obtidos na segunda parte deste estudo podemos sugerir que o extrato etanólico<br/>pode ser usado de forma segura em humanos, uma vez que apresentou valor de DL50 de<br/>aproximadamente 3000 mg Kg-1), bem como, não produziu nenhuma alteração morfológica nos<br/>principais órgãos, e nem provocou alterações nos parâmetros bioquímicos e hematológicos<br/>de camundongos.<br/><br/>Palavras-chave: Mikania glomerata, Asteraceae, Toxicidade Aguda, Camundongos. |
| 520 ## - NOTA DE RESUMO | |
| Nota de conteúdo | <br/><br/>ABSTRACT: <br/><br/>Study of the physicochemical properties and acute toxicity evaluation of<br/>the ethanolic extract of the leaves of Mikania glomerata Sprengel. The Mikania glomerata<br/>is a plant belonging to the Asteraceae that is widely used in folk medicine because of its<br/>bronchodilator, antiasthmatic, expectorant and antitussive actions. The aim of this study was<br/>to determine the physicochemical properties of the powder obtained from the leaves of M.<br/>glomerata, and to evaluate its toxicity in mice after acute treatment with repeated doses of<br/>standardized ethanol extract prepared from the leaves of this plant species. We determined<br/>the bulk and packing density, the total ash content, the moisture content and the particle size.<br/>The results suggest that the powder can be used in the formulating of a solid pharmaceutical<br/>form. In the second part of this study, we determined the 50% lethal dose (LD50), performed<br/>the gross morphological analysis and evaluated the acute toxicity from the use of repeated<br/>doses and the biochemical and hematologic parameters in mice. The data obtained in this part<br/>suggest that the ethanol extract can be used safely in humans, since it has a LD50 value of<br/>approximately 3000 mg kg -1 and produced no morphological changes in the major organs, or<br/>caused alterations in the biochemical and hematological parameters in mice.<br/><br/>Keywords: Mikania glomerata, Asteraceae, Acute toxicity, Mice. |
| 650 ## - ASSUNTO - THESAGRO | |
| Cabeçalho tópico ou nome geográfico | MIKANIA |
| 650 ## - ASSUNTO - THESAGRO | |
| Cabeçalho tópico ou nome geográfico | GUACO |
| 650 ## - ASSUNTO - THESAGRO | |
| Cabeçalho tópico ou nome geográfico | COMPOSITAE |
| 650 ## - ASSUNTO - THESAGRO | |
| Cabeçalho tópico ou nome geográfico | TOXIDEZ |
| 650 ## - ASSUNTO - THESAGRO | |
| Cabeçalho tópico ou nome geográfico | CAMUNDONGO |
| 773 0# - ENTRADA ANALÍTICA | |
| Host Biblionumber | 3543 |
| Registro do item | 315366 |
| Imprenta | Botucatu-SP Instituto de Biociências - Departamento de Química e Bioquímica 1998 |
| Outro identificador | 2024-1617 |
| Título | Revista Brasileira de Plantas Medicinais (Brazil) |
| ISSN | 1516-0572 |
| Colação | v. 16(3 suppl. 1) p. 670-678; (2014) |
| Número de controle de registro | BR2024000791 |
| 856 ## - ACESSO E ENDEREÇO ELETRÔNICO | |
| Identificador uniforme de recurso - URI | https://www.scielo.br/j/rbpm/a/mLH66kWWQQJZgvrzJtJCBQm/?format=pdf&lang=pt |
Nenhum exemplar disponível.

BINAGRI